书目信息 |
| 题名: |
大学之理念
|
|
| 作者: | 雅斯贝斯 著 ;邱立波 译 | |
| 分册: | ||
| 出版信息: | 上海 上海人民出版社 2007.04 |
|
| 页数: | 192页 | |
| 开本: | 18cm | |
| 丛书名: | 世纪人文系列丛书 | |
| 单 册: | ||
| 中图分类: | G64 | |
| 科图分类: | ||
| 主题词: | 大学--da xue--教育思想--研究 | |
| 电子资源: | ||
| ISBN: | 978-7-208-06248-1 | |
| 000 | 00954nam 2200265 450 | |
| 001 | 012007549557 | |
| 005 | 20071108181447.20 | |
| 010 | @a978-7-208-06248-1@dCNY18.00 | |
| 100 | @a20071108d2007 km y0chiy0120 ea | |
| 101 | 1 | @achi@cger |
| 102 | @aCN@b310000 | |
| 105 | @ay z 000yy | |
| 106 | @ar | |
| 200 | 1 | @a大学之理念@Ada xue zhi li nian@f(德) 卡尔·雅斯贝斯著@F(de)ka er·ya si bei si zhu@g邱立波译@Gqiu li bo yi |
| 210 | @a上海@c上海人民出版社@d2007.04 | |
| 215 | @a192页@d18cm | |
| 225 | 2 | @a世纪人文系列丛书@Ashi ji ren wen xi lie cong shu@i袖珍经典 |
| 330 | @a本书是作者对大学理念的一些思考的结果。本书的主旨是:大学是一个人们可以在此探索真理、教授真理的地方。 | |
| 410 | 0 | @12001 @a世纪人文系列丛书@i袖珍经典 |
| 606 | 0 | @a大学@Ada xue@x教育思想@x研究 |
| 690 | @aG64@v4 | |
| 701 | 1 | @a雅斯贝斯@Aya si bei si@g(Jaspers, Karl)@4著 |
| 702 | 0 | @a邱立波@Aqiu li bo@4译 |
| 801 | 0 | @aCN@b@c20071108 |
| 905 | @b264868-70@dG64@eY011@f3 | |
| 大学之理念/(德) 卡尔·雅斯贝斯著/邱立波译.-上海:上海人民出版社,2007.04 |
| 192页;18cm.-(世纪人文系列丛书.袖珍经典) |
| ISBN 978-7-208-06248-1:CNY18.00 |
| 本书是作者对大学理念的一些思考的结果。本书的主旨是:大学是一个人们可以在此探索真理、教授真理的地方。 |
| ● |
| 相关链接 |
|
|
|
正题名:大学之理念
索取号:G64/Y011
 
预约/预借
| 序号 | 登录号 | 条形码 | 馆藏地/架位号 | 状态 | 备注 |
| 1 | 264868 | 202648689 | 社科库409/309社科库 96排2列4层/ [索取号:G64/Y011] | 在馆 | |
| 2 | 264869 | 202648698 | 社科二线422/409社科库 9排3列4层/ [索取号:G64/Y011] | 在馆 | |
| 3 | 264870 | 202648705 | 社科库409/409社科库 9排3列4层/ [索取号:G64/Y011] | 在馆 |